000 00602nam a2200169 a 4500
001 000034166
005 20200930070830.0
008 110926s2000 cu ag 000 0 spa d
020 _a9591005466
040 _aDO-SdBNP
_bspa
_cBNPHU
245 0 0 _aNosotros y el bolero :
_bNosotros y el bolero /
_cprólogo y selección de Alicia Valdés Cantero.
260 _aLa Habana :
_bLetras cubanas,
_c2000.
300 _a315 p. :
_bil., mús. ;
_c23 cm.
505 2 _tEl bolero de "aquí" y de "allá" --
_tLos compositores e intérpretes --
_tSobre los textos
700 1 _aValdés, Alicia
_959585
049 _aBNPD
999 _c33657
_d33657